Človek potrebuje vodu aj les

Vedúci výskumného strediska Lesného výskumného ústavu v Gabčíkove Ing. Ladislav Varga, CSc., o ochrane lesov v povodí Dunaja. Vplyv vodného diela v Gabčíkove na stav lesov v tejto oblasti.

Salvato in:
Dettagli Bibliografici
Autore principale: Varga, L.
Altri autori: Horváthová, K.
Natura: Capitolo di libro
Lingua:slovacco
Soggetti:
Tags: Aggiungi Tag
Nessun Tag, puoi essere il primo ad aggiungerne!!

MARC

LEADER 00000naa a2200000 4500
001 r019734
005 20221205101757.8
041 0 |a slo 
044 |a SK 
245 1 0 |a Človek potrebuje vodu aj les  |c L. Varga, K. Horváthová 
520 |a Vedúci výskumného strediska Lesného výskumného ústavu v Gabčíkove Ing. Ladislav Varga, CSc., o ochrane lesov v povodí Dunaja. Vplyv vodného diela v Gabčíkove na stav lesov v tejto oblasti. 
610 2 0 |a Slovensko 
610 2 0 |a ochrana prostredia životného 
610 2 0 |a lesy 
610 2 0 |a voda 
610 2 0 |a Dunaj 
610 2 0 |a Gabčíkovo 
100 1 |a Varga, L. 
700 1 |a Horváthová, K.